000 00610nam a2200265Ia 4500
005 20260121170748.0
008 008 260114s9999 xx 000 0 eng d
020 _a9781484238059
037 _aEBOOK
040 _aCRL
040 _beng
040 _cCRL
041 _2eng
041 _aeng
084 _qCRL
100 _aAdam Freeman
_91067861
245 0 _aPro Vue.js 2
260 _bSpringer
260 _bSpringer
260 _c2018
856 _uhttps://link.springer.com/openurl?genre=book&isbn=978-1-4842-3805-9
942 _cEBOOK
999 _c1633591
_d1633591